000 00561nam a2200205Ia 4500
003 GCL
008 140319s9999 xx 000 0 ara d
040 _aGCL /
_cGCL
082 0 4 _a633.4
_bع م
100 1 _aعزالدين فراج
245 1 0 _aمزارع البطاطس والبطاطا /
_cعزالدين فراج
260 _a[S.N] :
_bمكتبة النهضة المصرية
490 _a
650 0 4 _aالدرنات
650 0 4 _aالبطاطا
650 0 4 _aالبطاطس
650 0 4 _aامراض
650 0 4 _aتخزين
942 _2ddc
_cBK
999 _c38577
_d38577